| 000 | 01349nam a22002537a 4500 | ||
|---|---|---|---|
| 999 |
_c48896 _d48896 |
||
| 005 | 20181210131237.0 | ||
| 010 | _aB-381737-758 | ||
| 020 |
_a812637544 _c140.00 |
||
| 035 | _aB-381737-758, A-718002 | ||
| 037 | _bभारतीय ज्ञानपीठ/ PUB | ||
| 082 | _aउ | ||
| 100 | _aक़ुर्रतुलऐन हैदर | ||
| 245 |
_aनिशान्त के सहयात्री / _cक़ुर्तुलऐन हैदर; असगर वजाहत द्वारा रूपान्तरित |
||
| 246 |
_aNishant ke sahayatri _bby Qurratulain Hayder |
||
| 250 | _a7वाँ संस्क. | ||
| 260 |
_aनई दिल्ली _bभारतीय ज्ञानपीठ _c2005 |
||
| 270 |
_a18, इन्स्टीट्यूशनल एरिया, लोदी रोड _bनई दिल्ली _e110003 |
||
| 300 |
_a355पृ. _b22सेमी (सजिल्द) |
||
| 500 | _aभारतीय ज्ञानपीठ से सम्मानित कृति | ||
| 520 | _aAW | ||
| 700 |
_aअसगर वजाहत _924521 |
||
| 942 |
_2ddc _cHN _hउ _mक़ुर्रतु |
||